Mathematical theory of reliability /
Guardado en:
| Autor Principal: | |
|---|---|
| Otros Autores: | , |
| Formato: | Libro |
| Idioma: | English |
| Publicado: |
New York :
John Wiley & Sons,
c1965.
|
| Series: | SIAM series in applied mathematics
|
| Etiquetas: |
Agregar Etiqueta
Sin Etiquetas, Sea el primero en etiquetar este registro!
|
| LEADER | 00661nam a22001935a 4500 | ||
|---|---|---|---|
| 001 | MAT.inmabb001513 | ||
| 008 | 031124s1965####nyu###########000#0#eng#d | ||
| 005 | 20170816143958.0 | ||
| 245 | 1 | 0 | |a Mathematical theory of reliability / |c Richard E. Barlow, Frank Proschan ; with contributions by Larry C. Hunter. |
| 260 | |a New York : |b John Wiley & Sons, |c c1965. | ||
| 300 | |a xiii, 256 p. ; |c 24 cm. | ||
| 440 | 0 | |a SIAM series in applied mathematics | |
| 510 | 4 | |a MR, |c 33 #3765 | |
| 100 | 1 | |a Barlow, Richard E. | |
| 700 | 1 | |a Proschan, Frank. | |
| 700 | 1 | |a Hunter, Larry C. |4 clb | |
| 084 | |a 62.80 (90.30) |2 MR | ||
| 010 | |a 64025897 | ||
| 859 | |h 62 |i B258m |p A-1877 |b BIB. MATEMATICA | ||
